Statistiques concernant Fleuves et rivières de A à Z

Cliquez ici pour prendre le quiz!

Statistiques générales

  • Ce quiz a été pris 4 559 fois
  • Le résultat moyen est 13 sur 25

Statistiques - réponses

IndiceRéponse% Correct
ADonna son nom à la plus grande forêt tropicale au mondeAmazone
98%
DTraverse plusieurs capitales d'Europe centraleDanube
91%
RCes deux cours d'eau se rejoignent à LyonRhône
89%
GArrose Toulouse comme BordeauxGaronne
87%
NLa quasi-totalité de la population égyptienne vit à ses abordsNil
87%
SCes deux cours d'eau se rejoignent à LyonSaône
73%
CFleuve qui a notamment creusé le Grand CanyonColorado
70%
VImportant fleuve russe, le plus long d'EuropeVolga
67%
TFleuve dans lequel auraient été retrouvés Remus et RomulusTibre
61%
PPlus grand fleuve d'Italie
57%
KRejoint le Missouri au niveau d'une ville portant son nomKansas
52%
HCourt du Massif Central jusqu'à AgdeHérault
48%
MCoule à travers la plupart des pays de l'Indochine, depuis l'HimalayaMékong
47%
OPrend sa source dans des montagnes russes et se déverse dans la Mer CaspienneOural
47%
BElle causa du fil à retordre à Napoléon, en RussieBérézina
45%
JSe jette dans la mer Morte, 400 mètres sous le niveau de la merJourdain
44%
LTraverse aussi bien Mende que CahorsLot
42%
ZCoule dans l'ancienne Rhodésie ; ses chutes sont célèbresZambèze
40%
IFleuve sacré sud-asiatique ayant donné son nom à un paysIndus
38%
FDeuxième plus long cours d'eau chinois, Huang Hé en mandarinFleuve Jaune
33%
QComplétez le nom de ce fleuve andalou, passant par SévilleGuadal{quivir}
31%
USe jette avec le Parana dans le rio de la PlataUruguay
30%
YPrend sa source dans l'ouest canadien et se jette en mer de BéringYukon
30%
EFleuve majeur belge prenant sa source en FranceEscaut
23%
WAussi appelé Visurge, elle traverse Cassel et Brême, en AllemagneWeser
9%

Distribution des résultats

Percentile par nombre de réponses

% des personnes avec chaque résultat

Votre développement - résultats

Vous n’avez pas pris ce quiz